000 00568nam a2200193 4500
005 20241021142434.0
010 _aENG-142198
020 _c1240.00
_a9789390746316
035 _aEN-125730
037 _bDBAD
082 _aS
100 _aVictory, Ekhomagbe Osabemwonrue
_973050
245 _aThe Path of Human Life /
_cby Ekhomagbe Osagbemwonrue Victory
250 _aFirst
260 _aKolkata
_bExceller Books
_c2021
270 _aG1, Dream Apartment, Degree College Road, Belgharia
_bKolkata
_e700056
300 _a80p.
_c21cm(pb)
942 _2ddc
_cEN
_hS
_mVIC
999 _c206518
_d206518